Normal view
MARC view
Entry Corporate Name
001 - CONTROL NUMBER
- control field: 71817
003 - CONTROL NUMBER IDENTIFIER
- control field: dpl
005 - DATE AND TIME OF LATEST TRANSACTION
- control field: 20240920121718.0
008 - FIXED-LENGTH DATA ELEMENTS
- fixed length control field: 240920|| aca||aabn | a|a d
040 ## - CATALOGING SOURCE
- Original cataloging agency: dpl
- Transcribing agency: dpl
110 ## - HEADING--CORPORATE NAME
- Corporate name or jurisdiction name as entry element: मेहेर वान
670 ## - SOURCE DATA FOUND
- Source citation: Work cat.: (dpl)205809: सी.एन.आर.राव 71816, अनंत सीढियों पर निरंतर/, 2020
